The new manners and customs of the Bible: (Record no. 6675)

MARC details
000 -LEADER
fixed length control field 00702nam a22002057a 4500
003 - CONTROL NUMBER IDENTIFIER
control field GBCCL
005 - DATE AND TIME OF LATEST TRANSACTION
control field 20241126110608.0
008 - FIXED-LENGTH DATA ELEMENTS--GENERAL INFORMATION
fixed length control field 180523b ||||| |||| 00| 0 eng d
020 ## - INTERNATIONAL STANDARD BOOK NUMBER
International Standard Book Number 9780882707457
040 ## - CATALOGING SOURCE
Transcribing agency gbc
082 ## - DEWEY DECIMAL CLASSIFICATION NUMBER
Classification number 220.95
Item number FRE
100 ## - MAIN ENTRY--PERSONAL NAME
Personal name Freeman, James M.
9 (RLIN) 11927
245 ## - TITLE STATEMENT
Title The new manners and customs of the Bible:
Remainder of title a complete guide to the origin and significance of our time-honored Biblical traditions /
Statement of responsibility, etc. James M. Freeman
260 ## - PUBLICATION, DISTRIBUTION, ETC.
Place of publication, distribution, etc. Orlando:
Name of publisher, distributor, etc. Bridge-Logos,
Date of publication, distribution, etc. 1998
300 ## - PHYSICAL DESCRIPTION
Extent 576 p.;
Other physical details ill.,
Dimensions 24 cm.
650 ## - SUBJECT ADDED ENTRY--TOPICAL TERM
Topical term or geographic name entry element Bible
General subdivision Handbooks, manuals, etc.
9 (RLIN) 11928
650 ## - SUBJECT ADDED ENTRY--TOPICAL TERM
Topical term or geographic name entry element Bible
General subdivision History of Biblical events
9 (RLIN) 11929
650 ## - SUBJECT ADDED ENTRY--TOPICAL TERM
Topical term or geographic name entry element Bible
General subdivision Antiquities
9 (RLIN) 11930
942 ## - ADDED ENTRY ELEMENTS (KOHA)
Source of classification or shelving scheme Dewey Decimal Classification
Koha item type Books
Holdings
Withdrawn status Lost status Source of classification or shelving scheme Damaged status Not for loan Home library Current Library Shelving location Date acquired Total checkouts Full call number Barcode Date last seen Copy number Price effective from Koha item type
    Dewey Decimal Classification     GRACE BIBLE COLLEGE GRACE BIBLE COLLEGE Handbook 2018-05-23   220.95 FRE 010277 2025-05-01 c.1 2018-05-23 Reference Books
© Grace Bible College Library 2025